Normal view
MARC view
- Bollen, Math H.J , Hassan, Fainan
Entry Personal Name
001 - CONTROL NUMBER
- control field: 68734
003 - CONTROL NUMBER IDENTIFIER
- control field: NUST
005 - DATE AND TIME OF LATEST TRANSACTION
- control field: 20210628204111.0
008 - FIXED-LENGTH DATA ELEMENTS
- fixed length control field: 210628|| aca||aabn | a|a d
040 ## - CATALOGING SOURCE
- Original cataloging agency: NUST
- Transcribing agency: NUST
100 ## - HEADING--PERSONAL NAME
- Personal name: Bollen, Math H.J , Hassan, Fainan
670 ## - SOURCE DATA FOUND
- Source citation: Work cat.: (NUST): Bollen, Math H.J , Hassan, Fainan, Integration of distributed generation in the power system, 2011
